[Event "Junior Online 4NCL Division 4"]
[Site "online"]
[Date "2020.09.03"]
[Round "2.48"]
[White "Sohi, Sehej"]
[Black "Maheshwaran, Arya"]
[Result "0-1"]
[WhiteElo "1000"]
[BlackElo "1300"]
[PlyCount "80"]
[EventDate "2020.09.03"]
[WhiteTeam "Rovers Athletic"]
[BlackTeam "Maidenhead Juniors 1"]

1. e4 c5 2. Bc4 e6 3. Nf3 d5 4. Bb5+ Bd7 5. Bxd7+ Nxd7 6. O-O dxe4 7. Ne5 Nxe5
8. b3 Nf6 9. Bb2 Nc6 10. Bxf6 Qxf6 11. Nc3 Qf5 12. Nb5 Qe5 13. f4 Qb8 14. Qh5
g6 15. Qh3 a6 16. Nc3 f5 17. d3 exd3 18. cxd3 Bd6 19. Rfe1 Nd8 20. Rad1 Bxf4
21. Re2 Be5 22. Na4 Bd6 23. d4 cxd4 24. Rxd4 Qc7 25. Qh6 Bf8 26. Qg5 Bd6 27.
Qf6 Bxh2+ 28. Kf1 Rf8 29. Qg7 Qxg7 30. Rd6 Qa1+ 31. Kf2 Qg7 32. Nb6 Rb8 33. Nd7
Rc8 34. Nb6 Rc7 35. Na8 Rd7 36. Rxd7 Qxd7 37. Nb6 Qd4+ 38. Re3 Qxb6 39. a4 Bf4
40. Kf3 Qxe3# 0-1

[Event "Junior Online 4NCL Division 4"]
[Site "online"]
[Date "2020.09.03"]
[Round "2.51"]
[White "Soulier, Alfred"]
[Black "Zhao, George"]
[Result "0-1"]
[WhiteElo "1585"]
[BlackElo "1330"]
[PlyCount "124"]
[EventDate "2020.09.03"]
[WhiteTeam "KCJS 2"]
[BlackTeam "JHJ 5"]

1. d4 e6 2. c4 c6 3. Nc3 d5 4. Nf3 Bb4 5. Bg5 Qa5 6. Qc2 Bxc3+ 7. Qxc3 Qxc3+ 8.
bxc3 dxc4 9. e4 b5 10. a4 Bd7 11. Be2 h6 12. Bf4 Nf6 13. Nd2 a6 14. Rb1 O-O 15.
Bd6 Rd8 16. O-O Ne8 17. Bg3 Nf6 18. Rb2 Be8 19. Rfb1 Nbd7 20. f4 Nb6 21. a5 Na4
22. Rc2 c5 23. dxc5 Nxc5 24. Bf3 Rac8 25. Rd1 Nb3 26. Nxb3 Rxd1+ 27. Bxd1 cxb3
28. Rc1 Nxe4 29. Bxb3 Rxc3 30. Rxc3 Nxc3 31. Bc2 Ne2+ 32. Kf2 Nxg3 33. hxg3 f5
34. Ke3 Kf7 35. Kd4 Bc6 36. Kc5 Bxg2 37. Kb6 Ke7 38. Kxa6 Kd6 39. Kxb5 Kc7 40.
Kc5 g5 41. a6 gxf4 42. gxf4 h5 43. a7 h4 44. Bd3 h3 45. Bf1 Kb7 46. Bb5 h2 47.
Bc6+ Bxc6 48. a8=Q+ Kxa8 49. Kxc6 h1=Q+ 50. Kd6 Qe4 51. Ke7 Qxf4 52. Kf6 Qg4
53. Ke7 f4 54. Kd7 f3 55. Ke7 f2 56. Kd7 f1=Q 57. Ke7 Qg7+ 58. Kd6 Qd3+ 59. Kc5
Qc7+ 60. Kb4 Qdd6+ 61. Kb3 Qdb6+ 62. Ka2 Qca7# 0-1

[Event "Junior Online 4NCL Division 4"]
[Site "online"]
[Date "2020.09.03"]
[Round "2.52"]
[White "Bryant, Harry"]
[Black "Patel, Zain"]
[Result "1/2-1/2"]
[WhiteElo "1330"]
[BlackElo "1540"]
[PlyCount "138"]
[EventDate "2020.09.03"]
[WhiteTeam "JHJ 5"]
[BlackTeam "KCJS 2"]

1. e4 c5 2. Nf3 d6 3. d4 cxd4 4. Nxd4 Nf6 5. Nc3 a6 6. Bd3 e6 7. Bg5 b5 8. a3
Be7 9. f3 Bb7 10. Qd2 O-O 11. h4 Nbd7 12. h5 d5 13. Be3 dxe4 14. Nxe4 Nxe4 15.
Bxe4 Bxe4 16. fxe4 Nf6 17. Qd3 Rc8 18. c3 e5 19. h6 g6 20. Rf1 exd4 21. Bxd4
Rc6 22. Rd1 Re6 23. Rf4 Bd6 24. Bxf6 Rxf6 25. Rxf6 Qxf6 26. Qxd6 Qh4+ 27. Ke2
Qxe4+ 28. Kf1 Re8 29. Qd8 Kf8 30. Qd6+ Qe7 31. Qd4 Qe2+ 32. Kg1 Qe5 33. Qxe5
Rxe5 34. Rd8+ Re8 35. Rd6 Re6 36. Rd2 g5 37. Rd5 Rg6 38. Kf2 Ke7 39. Ke3 Ke6
40. Rc5 g4 41. g3 Kd6 42. b4 Rxh6 43. Rg5 Rg6 44. Rf5 Ke6 45. Rh5 h6 46. Kf4 f6
47. Rh4 f5 48. Rh2 Kf6 49. Rd2 h5 50. Rd6+ Kg7 51. Rd7+ Kf6 52. Rh7 Rg5 53.
Rh6+ Rg6 54. Rxh5 Rg8 55. Rxf5+ Ke6 56. Rg5 Rc8 57. Rg6+ Kf7 58. Rxa6 Rxc3 59.
Kxg4 Rc4+ 60. Kh3 Re4 61. Ra5 Re5 62. Kg4 Kg6 63. Ra6+ Kf7 64. Kf4 Rh5 65. g4
Rd5 66. Ra7+ Ke6 67. Ra6+ Kf7 68. Ke4 Rg5 69. Kf4 Rd5 1/2-1/2

[Event "Junior Online 4NCL Division 4"]
[Site "online"]
[Date "2020.09.03"]
[Round "2.53"]
[White "Gupta, Aarav G"]
[Black "Nilim, Armaan"]
[Result "1-0"]
[WhiteElo "1450"]
[BlackElo "1285"]
[PlyCount "123"]
[EventDate "2020.09.03"]
[WhiteTeam "KCJS 2"]
[BlackTeam "JHJ 5"]

1. e4 c5 2. Nf3 Nc6 3. d4 cxd4 4. Nxd4 Nf6 5. Nc3 e5 6. Nf3 Bb4 7. Qe2 Nd4 8.
Qd3 Nxf3+ 9. gxf3 Qc7 10. Bd2 d6 11. Qb5+ Bd7 12. Qxb4 a5 13. Qc4 Qxc4 14. Bxc4
a4 15. Bg5 Nh5 16. Nd5 Rc8 17. Bd3 g6 18. Nb6 Rc6 19. Nxd7 Kxd7 20. O-O-O h6
21. Be3 Rhc8 22. Bb5 Ke7 23. Bxc6 Rxc6 24. c3 b5 25. Bxh6 b4 26. Kc2 a3 27.
bxa3 Rxc3+ 28. Kb2 Rxa3 29. Bg5+ f6 30. Be3 Nf4 31. Kc2 Rxa2+ 32. Kb3 Re2 33.
Kxb4 Ng2 34. Bb6 Nf4 35. Rhf1 Ne6 36. Rfe1 Rb2+ 37. Ka5 Ra2+ 38. Kb5 Rb2+ 39.
Kc6 Rc2+ 40. Kb7 Rb2 41. Rb1 Nd8+ 42. Ka6 Ra2+ 43. Kb5 Nb7 44. Kc6 Na5+ 45.
Bxa5 Rxa5 46. Rb7+ Ke6 47. Rd1 Ra6+ 48. Rb6 Rxb6+ 49. Kxb6 f5 50. exf5+ gxf5
51. Rg1 Kf7 52. h3 Kf6 53. h4 Kf7 54. h5 Kf6 55. h6 Kf7 56. h7 Kf6 57. h8=Q+
Kf7 58. Qd8 d5 59. Qxd5+ Ke7 60. Qxe5+ Kf7 61. Rg7+ Kf8 62. Qe7# 1-0

[Event "Junior Online 4NCL Division 4"]
[Site "online"]
[Date "2020.09.03"]
[Round "2.54"]
[White "Hanache, Kai"]
[Black "Buanne, Giulio"]
[Result "1-0"]
[WhiteElo "1240"]
[BlackElo "1405"]
[PlyCount "53"]
[EventDate "2020.09.03"]
[WhiteTeam "JHJ 5"]
[BlackTeam "KCJS 2"]

1. e4 c5 2. Nf3 d6 3. Bc4 e6 4. Nc3 a6 5. a3 b5 6. Ba2 Nc6 7. d4 cxd4 8. Nxd4
Nxd4 9. Qxd4 e5 10. Qd5 Be6 11. Qc6+ Bd7 12. Qd5 Be6 13. Qd1 Bg4 14. Qxg4 Nf6
15. Qf3 Be7 16. Nd5 Nxd5 17. Bxd5 O-O 18. Bxa8 Qxa8 19. O-O Qd8 20. Be3 d5 21.
exd5 Bf6 22. Bc5 Be7 23. d6 Bxd6 24. Rad1 e4 25. Qxe4 Re8 26. Rxd6 Qxd6 27.
Qxe8+ 1-0

[Event "Junior Online 4NCL Division 4"]
[Site "online"]
[Date "2020.09.03"]
[Round "2.55"]
[White "Zhao, George"]
[Black "Soulier, Alfred"]
[Result "1-0"]
[WhiteElo "1330"]
[BlackElo "1585"]
[PlyCount "173"]
[EventDate "2020.09.03"]
[WhiteTeam "JHJ 5"]
[BlackTeam "KCJS 2"]

1. b3 Nf6 2. Bb2 g6 3. Nf3 Bg7 4. e3 O-O 5. Bc4 d6 6. Ng5 c5 7. Nxf7 Rxf7 8.
Bxf7+ Kxf7 9. O-O Nc6 10. Qe2 Bg4 11. f3 Bd7 12. Na3 a6 13. c4 Nb4 14. d4 Bf5
15. e4 Bd7 16. Nc2 b5 17. Nxb4 cxb4 18. Rac1 e6 19. c5 Qa5 20. Ba1 d5 21. Rce1
Re8 22. e5 Ng8 23. Qd2 Bh6 24. Qc2 Ne7 25. Bb2 Nf5 26. Qb1 Bc6 27. Bc1 Bxc1 28.
Qxc1 Qd8 29. g4 Ng7 30. Qf4+ Kg8 31. Qf6 Rf8 32. Qxd8 Rxd8 33. f4 Rf8 34. Kg2
a5 35. Kg3 h5 36. h3 a4 37. bxa4 bxa4 38. Rb1 Rb8 39. Rf2 b3 40. Rfb2 Bb5 41.
axb3 a3 42. Ra2 Ra8 43. Rba1 Kf7 44. Rxa3 Rxa3 45. Rxa3 Ne8 46. Ra7+ Kf8 47.
gxh5 gxh5 48. Rh7 Ng7 49. Kf2 Be8 50. b4 Nf5 51. Ke2 Nxd4+ 52. Kd3 Nc6 53. Rb7
Bg6+ 54. Kd2 d4 55. b5 Ne7 56. c6 Be4 57. Rb8+ Kf7 58. c7 d3 59. c8=Q Nxc8 60.
Rxc8 Kg6 61. Rc6 Kf5 62. Rd6 Ba8 63. Kxd3 Kxf4 64. b6 Kxe5 65. Rd7 Kf4 66. b7
Bxb7 67. Rxb7 e5 68. Re7 h4 69. Ke2 e4 70. Kf2 Kf5 71. Ke3 Kg5 72. Rxe4 Kh5 73.
Kf4 Kg6 74. Kg4 Kh6 75. Kxh4 Kg6 76. Kg4 Kh6 77. h4 Kg6 78. h5+ Kh6 79. Re6+
Kg7 80. Kg5 Kh7 81. h6 Kg8 82. Kg6 Kf8 83. Rf6+ Ke7 84. h7 Kd7 85. h8=Q Ke7 86.
Qg7+ Ke8 87. Rf8# 1-0

[Event "Junior Online 4NCL Division 4"]
[Site "online"]
[Date "2020.09.03"]
[Round "2.56"]
[White "Patel, Zain"]
[Black "Bryant, Harry"]
[Result "1-0"]
[WhiteElo "1540"]
[BlackElo "1330"]
[PlyCount "116"]
[EventDate "2020.09.03"]
[WhiteTeam "KCJS 2"]
[BlackTeam "JHJ 5"]

1. e4 e6 2. d4 d5 3. Nc3 Bb4 4. e5 Ne7 5. a3 Bxc3+ 6. bxc3 c5 7. Qg4 Ng6 8. Bd3
c4 9. Bxg6 hxg6 10. Nf3 Qa5 11. Bd2 Qb6 12. O-O Nc6 13. Ng5 Qc7 14. Rfe1 b5 15.
Re3 Bb7 16. Rf3 Rf8 17. Nxe6 fxe6 18. Qxg6+ Rf7 19. Qxe6+ Kf8 20. Rh3 Ne7 21.
Bg5 Ng8 22. a4 Bc8 23. Qxd5 Bxh3 24. Qxa8+ Qc8 25. Qd5 Bd7 26. axb5 Qb8 27. e6
Bxe6 28. Qxe6 Qxb5 29. Qc8+ Qe8 30. Qxe8+ Kxe8 31. Kf1 Nf6 32. Bxf6 gxf6 33.
Ke2 Re7+ 34. Kf3 Kf7 35. Kf4 Kg6 36. Ra4 Rc7 37. Ke4 f5+ 38. Kd5 Rd7+ 39. Kxc4
Rh7 40. Ra6+ Kg5 41. h3 Re7 42. d5 Re4+ 43. Kc5 Re8 44. Rxa7 Rc8+ 45. Kb6 Rxc3
46. d6 Rxc2 47. d7 Rd2 48. Kc7 Rc2+ 49. Kd8 Rd2 50. Ra6 Rxf2 51. Kc7 Rc2+ 52.
Rc6 Rd2 53. d8=Q+ Rxd8 54. Kxd8 Kf4 55. Ke7 Kg3 56. Kf6 Kxg2 57. Kxf5 Kxh3 58.
Rc4 Kg3 1-0

[Event "Junior Online 4NCL Division 4"]
[Site "online"]
[Date "2020.09.03"]
[Round "2.57"]
[White "Nilim, Armaan"]
[Black "Gupta, Aarav G"]
[Result "1-0"]
[WhiteElo "1285"]
[BlackElo "1450"]
[PlyCount "55"]
[EventDate "2020.09.03"]
[WhiteTeam "JHJ 5"]
[BlackTeam "KCJS 2"]

1. d4 d5 2. c4 e6 3. Nc3 Nf6 4. Bf4 Bd7 5. cxd5 exd5 6. Qb3 Bc6 7. Nb5 Bd6 8.
Nxd6+ cxd6 9. Rc1 O-O 10. Nf3 Qd7 11. e3 Re8 12. Qb4 Rd8 13. Bd3 a5 14. Qb3 h6
15. O-O Qe7 16. Nh4 Qf8 17. Nf5 Na6 18. a3 Rab8 19. Qb6 Bd7 20. Bxd6 Qe8 21.
Ne7+ Kh8 22. Bxb8 Rxb8 23. Nf5 Ra8 24. Qxb7 Bxf5 25. Bxf5 Ne4 26. Rc8 Rxc8 27.
Bxc8 Nd2 28. Rd1 1-0

[Event "Junior Online 4NCL Division 4"]
[Site "online"]
[Date "2020.09.03"]
[Round "2.58"]
[White "Buanne, Giulio"]
[Black "Hanache, Kai"]
[Result "0-1"]
[WhiteElo "1405"]
[BlackElo "1240"]
[PlyCount "72"]
[EventDate "2020.09.03"]
[WhiteTeam "KCJS 2"]
[BlackTeam "JHJ 5"]

1. e4 c6 2. d4 d5 3. f3 e6 4. Nc3 dxe4 5. fxe4 Nf6 6. Nf3 Bb4 7. Bd2 Bxc3 8.
Bxc3 Nxe4 9. Qd3 Nf6 10. O-O-O O-O 11. d5 cxd5 12. Bxf6 Qxf6 13. Kb1 Nc6 14. h4
e5 15. Qxd5 Be6 16. Qd3 Rfd8 17. Qe2 Rxd1+ 18. Qxd1 Rd8 19. Qe2 Bc4 20. Qe1 Bd5
21. Be2 Nd4 22. Qf2 Qf5 23. Bd3 Qf6 24. Re1 Nxf3 25. gxf3 e4 26. Be2 exf3 27.
Bd1 Be4 28. a3 Bg6 29. Qe3 h6 30. Bxf3 Qf5 31. h5 Qxc2+ 32. Ka1 Bf5 33. Rg1 Rd2
34. Qe5 f6 35. Qxf6 Rd1+ 36. Bxd1 Qb1# 0-1

[Event "Junior Online 4NCL Division 4"]
[Site "online"]
[Date "2020.09.03"]
[Round "2.61"]
[White "Catabay, Mae Katelyn Rose"]
[Black "Kataria, Dhairya"]
[Result "1-0"]
[WhiteElo "1600"]
[BlackElo "1150"]
[PlyCount "81"]
[EventDate "2020.09.03"]
[WhiteTeam "Colchester Juniors A"]
[BlackTeam "May The Fork Be With You 6"]

1. e4 c6 2. d4 d5 3. Nc3 Nf6 4. e5 Nfd7 5. f4 e6 6. Nf3 Be7 7. Be3 Nb6 8. Qd2
N8d7 9. Bd3 Bh4+ 10. g3 Be7 11. O-O-O O-O 12. h4 a5 13. h5 a4 14. a3 h6 15. g4
Re8 16. g5 hxg5 17. fxg5 Kf8 18. h6 gxh6 19. Qh2 Bxa3 20. Qxh6+ Ke7 21. bxa3
Rh8 22. Qxh8 Qxh8 23. Rxh8 Ra7 24. Rdh1 Nf8 25. Ne2 Bd7 26. Nf4 Kd8 27. Rxf8+
Kc7 28. g6 fxg6 29. Nxg6 Nc8 30. Rh7 Nb6 31. Rff7 Ra8 32. Nf8 Rd8 33. Nxe6+ Kc8
34. Nxd8 Kxd8 35. Bg5+ Kc8 36. Rh8+ Kc7 37. e6 Kd6 38. Rxd7+ Nxd7 39. exd7 Kxd7
40. Ne5+ Ke6 41. Rh6# 1-0

[Event "Junior Online 4NCL Division 4"]
[Site "online"]
[Date "2020.09.03"]
[Round "2.62"]
[White "Valanju, Saish"]
[Black "Popovici, Rees"]
[Result "0-1"]
[WhiteElo "1060"]
[BlackElo "1595"]
[PlyCount "68"]
[EventDate "2020.09.03"]
[WhiteTeam "May The Fork Be With You 6"]
[BlackTeam "Colchester Juniors A"]

1. e4 e5 2. Nf3 d5 3. Nc3 d4 4. Ne2 Nf6 5. Nxe5 Qe7 6. Nc4 Qxe4 7. d3 Qc6 8.
Ne5 Qb6 9. Bd2 Bb4 10. a3 Bxd2+ 11. Qxd2 Qxb2 12. Rd1 Qxa3 13. Nxd4 Qd6 14. Nb5
Qxe5+ 15. Be2 Qxb5 16. Qe3+ Be6 17. d4 Qb4+ 18. Rd2 O-O 19. O-O Re8 20. Qd3
Nbd7 21. c3 Qa5 22. c4 Rad8 23. h3 Nc5 24. Qg3 Qxd2 25. Qf3 Nce4 26. Rd1 Qb2
27. Bd3 Nc3 28. Re1 Rxd4 29. Re3 Qc1+ 30. Bf1 Bxc4 31. Qh5 Qxf1+ 32. Kh2 Rxe3
33. Qg5 Bd5 34. Qxe3 Qxg2# 0-1

[Event "Junior Online 4NCL Division 4"]
[Site "online"]
[Date "2020.09.03"]
[Round "2.63"]
[White "Kanellopoulos, Nickolas"]
[Black "Tager, Maya"]
[Result "1-0"]
[WhiteElo "1532"]
[BlackElo "1075"]
[PlyCount "31"]
[EventDate "2020.09.03"]
[WhiteTeam "Colchester Juniors A"]
[BlackTeam "May The Fork Be With You 6"]

1. e4 e5 2. Nf3 Nc6 3. Bc4 Be7 4. O-O Nf6 5. Nc3 Nxe4 6. Nxe4 d5 7. Bd3 dxe4 8.
Bxe4 Bd7 9. d4 exd4 10. Nxd4 Nxd4 11. Qxd4 Bc6 12. Bxc6+ bxc6 13. Qxg7 Bf6 14.
Re1+ Kd7 15. Rd1+ Ke8 16. Rxd8+ 1-0

[Event "Junior Online 4NCL Division 4"]
[Site "online"]
[Date "2020.09.03"]
[Round "2.64"]
[White "Bagchi, Aadi"]
[Black "Catabay, Rezin C"]
[Result "0-1"]
[WhiteElo "1075"]
[BlackElo "1427"]
[PlyCount "22"]
[EventDate "2020.09.03"]
[WhiteTeam "May The Fork Be With You 6"]
[BlackTeam "Colchester Juniors A"]

1. e4 e5 2. Nf3 Nf6 3. Nxe5 Nc6 4. Nxc6 dxc6 5. d3 Bc5 6. Nc3 Be6 7. Be2 Qd6 8.
O-O h5 9. h3 Ng4 10. g3 Qxg3+ 11. Kh1 Qh2# 0-1

[Event "Junior Online 4NCL Division 4"]
[Site "online"]
[Date "2020.09.03"]
[Round "2.65"]
[White "Kataria, Dhairya"]
[Black "Catabay, Mae Katelyn Rose"]
[Result "0-1"]
[WhiteElo "1150"]
[BlackElo "1600"]
[PlyCount "34"]
[EventDate "2020.09.03"]
[WhiteTeam "May The Fork Be With You 6"]
[BlackTeam "Colchester Juniors A"]

1. e4 e5 2. Nf3 Nf6 3. Nxe5 Nc6 4. Nxc6 dxc6 5. Bd3 Bc5 6. Nc3 h5 7. Bc4 Qd4 8.
Qe2 Ng4 9. O-O Qe5 10. g3 h4 11. Qf3 f6 12. h3 hxg3 13. hxg4 gxf2+ 14. Rxf2
Bxf2+ 15. Qxf2 Bxg4 16. d4 Qh5 17. Be3 Qh1# 0-1

[Event "Junior Online 4NCL Division 4"]
[Site "online"]
[Date "2020.09.03"]
[Round "2.66"]
[White "Popovici, Rees"]
[Black "Valanju, Saish"]
[Result "1-0"]
[WhiteElo "1595"]
[BlackElo "1060"]
[PlyCount "61"]
[EventDate "2020.09.03"]
[WhiteTeam "Colchester Juniors A"]
[BlackTeam "May The Fork Be With You 6"]

1. e4 e6 2. d4 d5 3. e5 c5 4. Nf3 Nc6 5. Bb5 Qb6 6. Nc3 Nge7 7. Be3 Nf5 8. dxc5
Bxc5 9. Bxc5 Qxc5 10. O-O Qb6 11. a4 a6 12. Bxc6+ Qxc6 13. Nd4 Nxd4 14. Qxd4
O-O 15. b4 b6 16. b5 Qb7 17. Rfb1 f6 18. exf6 Rxf6 19. a5 bxa5 20. bxa6 Rxa6
21. Rxb7 Bxb7 22. Na4 Rc6 23. c3 e5 24. Qxd5+ Rfe6 25. Rb1 Ba6 26. Rb8+ Kf7 27.
Qf3+ Ke7 28. Ra8 Bb5 29. Ra7+ Ke8 30. Qf7+ Kd8 31. Qd7# 1-0

[Event "Junior Online 4NCL Division 4"]
[Site "online"]
[Date "2020.09.03"]
[Round "2.67"]
[White "Tager, Maya"]
[Black "Kanellopoulos, Nickolas"]
[Result "0-1"]
[WhiteElo "1075"]
[BlackElo "1532"]
[PlyCount "96"]
[EventDate "2020.09.03"]
[WhiteTeam "May The Fork Be With You 6"]
[BlackTeam "Colchester Juniors A"]

1. e4 e5 2. Nf3 Nc6 3. Bc4 Bc5 4. O-O d6 5. Nc3 Nf6 6. d3 h6 7. Be3 Bb6 8. Bxb6
axb6 9. d4 Bg4 10. h3 Bh5 11. Bb5 O-O 12. Bxc6 bxc6 13. dxe5 dxe5 14. Qxd8
Raxd8 15. Nxe5 c5 16. Rae1 Rfe8 17. Nf3 Bg6 18. e5 Nd5 19. Nxd5 Rxd5 20. c4 Rd7
21. Nh4 Bd3 22. f4 Bxf1 23. Kxf1 Rd4 24. g3 Rxc4 25. b3 Rc3 26. Kg2 g6 27. g4
Rc2+ 28. Kf1 Rh2 29. Ng2 Rxh3 30. Kf2 g5 31. fxg5 hxg5 32. Kg1 f6 33. exf6
Rxe1+ 34. Nxe1 Kf7 35. Kg2 Rh4 36. Kg3 Kxf6 37. Nf3 Rh8 38. a4 Re8 39. Nh2 Re3+
40. Kf2 Rxb3 41. Nf3 Rxf3+ 42. Kxf3 Ke5 43. Kg3 c4 44. Kf3 Kd4 45. Ke2 c3 46.
Kd1 Kd3 47. Kc1 c2 48. Kb2 Kd2 0-1

[Event "Junior Online 4NCL Division 4"]
[Site "online"]
[Date "2020.09.03"]
[Round "2.68"]
[White "Catabay, Rezin C"]
[Black "Bagchi, Aadi"]
[Result "1-0"]
[WhiteElo "1427"]
[BlackElo "1075"]
[PlyCount "105"]
[EventDate "2020.09.03"]
[WhiteTeam "Colchester Juniors A"]
[BlackTeam "May The Fork Be With You 6"]

1. e4 e5 2. Nf3 Nc6 3. Bc4 Bc5 4. O-O Nf6 5. Re1 O-O 6. c3 d6 7. d4 exd4 8.
cxd4 Bb6 9. Nc3 Bg4 10. Be3 Re8 11. Qb3 Bxf3 12. Bxf7+ Kf8 13. Bxe8 Qxe8 14.
gxf3 Bxd4 15. Nd5 Rc8 16. Rad1 Nxd5 17. exd5 Bxe3 18. Rxe3 Qg6+ 19. Kh1 Na5 20.
Qb5 Qc2 21. Rg1 Qf5 22. Qxa5 Re8 23. Rxe8+ Kxe8 24. Qc3 b5 25. Re1+ Kd8 26. Qe3
Qf8 27. Qg5+ Kc8 28. f4 Qf7 29. Re7 Qf8 30. Qxg7 Qd8 31. Qf7 Kb7 32. Re8 Qh4
33. Re7 Qxf2 34. Rxc7+ Ka6 35. Rxa7+ Qxa7 36. Qxa7+ Kxa7 37. f5 Kb7 38. f6 Kc7
39. f7 Kd7 40. f8=Q Kc7 41. Qe7+ Kb6 42. Qxd6+ Ka5 43. b4+ Ka4 44. Qc5 Ka3 45.
Qxb5 Kxa2 46. Qa4+ Kb2 47. d6 Kc3 48. d7 Kb2 49. d8=Q Kc3 50. Qh8+ Kd2 51. Qd4+
Ke2 52. Qc2+ Kf3 53. Qde4# 1-0

[Event "Junior Online 4NCL Division 4"]
[Site "online"]
[Date "2020.09.03"]
[Round "2.71"]
[White "Kammin, Samuel"]
[Black "Patel, Krrish"]
[Result "1-0"]
[WhiteElo "1697"]
[BlackElo "1547"]
[PlyCount "69"]
[EventDate "2020.09.03"]
[WhiteTeam "Farnham Fantasticos"]
[BlackTeam "JHJ 2"]

1. d4 Nf6 2. Nf3 g6 3. c4 Bg7 4. g3 d6 5. Bg2 O-O 6. Nc3 Nbd7 7. Qc2 b6 8. O-O
Bb7 9. Rd1 c5 10. d5 a6 11. a4 a5 12. b3 Ba6 13. Bb2 Ng4 14. e4 Nge5 15. Ne1
Ng4 16. Qe2 Ngf6 17. Nd3 Ne8 18. f4 f6 19. h4 Nc7 20. Bh3 Bc8 21. Kh2 Nb8 22.
Bg2 h5 23. Rf1 Bg4 24. Bf3 f5 25. Bxg4 fxg4 26. e5 Nd7 27. Ne4 dxe5 28. fxe5
Nb8 29. Ng5 Nba6 30. Qe4 Qe8 31. Nf4 Nb4 32. Nxg6 Rxf1 33. Rxf1 Qd7 34. Nxe7+
Qxe7 35. Qh7# 1-0

[Event "Junior Online 4NCL Division 4"]
[Site "online"]
[Date "2020.09.03"]
[Round "2.72"]
[White "Oh, Julie"]
[Black "Warren, Archie"]
[Result "1/2-1/2"]
[WhiteElo "1487"]
[BlackElo "1450"]
[PlyCount "70"]
[EventDate "2020.09.03"]
[WhiteTeam "JHJ 2"]
[BlackTeam "Farnham Fantasticos"]

1. e4 c5 2. Nc3 Nc6 3. f4 d6 4. Bb5 Bd7 5. Bxc6 Bxc6 6. Nf3 Nf6 7. d3 e6 8. O-O
Be7 9. Bd2 Qd7 10. Qe1 O-O 11. Qg3 Rad8 12. e5 dxe5 13. fxe5 Nh5 14. Qg4 g6 15.
Bh6 b5 16. Qh3 b4 17. Bxf8 Rxf8 18. Ne4 Qb7 19. Neg5 Bxf3 20. Qxf3 Qxf3 21.
Nxf3 Rd8 22. Rad1 Nf4 23. Kh1 Ne2 24. Rf2 Nd4 25. Nxd4 cxd4 26. Rf4 Bc5 27.
Rdf1 Rd7 28. g4 Kg7 29. h4 h6 30. g5 h5 31. Kg2 a5 32. Kf3 a4 33. Ke2 Rb7 34.
b3 a3 35. Rf6 Rc7 1/2-1/2

[Event "Junior Online 4NCL Division 4"]
[Site "online"]
[Date "2020.09.03"]
[Round "2.73"]
[White "Warnock, Oliver"]
[Black "Groot Wassink, Leon"]
[Result "0-1"]
[WhiteElo "1255"]
[BlackElo "1487"]
[PlyCount "76"]
[EventDate "2020.09.03"]
[WhiteTeam "Farnham Fantasticos"]
[BlackTeam "JHJ 2"]

1. d4 Nf6 2. Nf3 e6 3. Nc3 b6 4. e4 Bb7 5. e5 Nd5 6. Bd2 d6 7. exd6 Bxd6 8. Bd3
Nd7 9. Qe2 Bf4 10. Bxf4 Nxf4 11. Qe3 Nxg2+ 12. Kd2 Nxe3 13. fxe3 Bxf3 14. Rhg1
O-O 15. Raf1 Bh5 16. Ne4 Bg6 17. h4 Qxh4 18. Ng5 h6 19. Bxg6 fxg6 20. Nxe6 Rxf1
21. Rxf1 Qh2+ 22. Kd3 Qg2 23. Rf4 Rc8 24. b4 Qc6 25. Re4 Re8 26. c4 Qa4 27. d5
Qxa2 28. Rf4 Qb3+ 29. Ke2 Qxb4 30. Nxc7 Qb2+ 31. Kf3 Rf8 32. Rxf8+ Kxf8 33. Ke4
Nc5+ 34. Kf4 Qf6+ 35. Kg4 Qf5+ 36. Kg3 Ne4+ 37. Kg2 Qf2+ 38. Kh3 Qg3# 0-1

[Event "Junior Online 4NCL Division 4"]
[Site "online"]
[Date "2020.09.03"]
[Round "2.74"]
[White "Harb, Laith A"]
[Black "Cwajna, Harrison"]
[Result "0-1"]
[WhiteElo "1472"]
[BlackElo "977"]
[PlyCount "116"]
[EventDate "2020.09.03"]
[WhiteTeam "JHJ 2"]
[BlackTeam "Farnham Fantasticos"]

1. d4 d5 2. c4 c6 3. Nc3 Nf6 4. Bg5 h6 5. Bf4 Na6 6. e3 Bf5 7. a3 e6 8. Nf3 Qb6
9. b4 g5 10. Be5 Bg7 11. Bd3 O-O 12. Bxf5 exf5 13. Bxf6 Bxf6 14. cxd5 cxd5 15.
Nxd5 Qe6 16. Nxf6+ Qxf6 17. O-O g4 18. Ne5 Nc7 19. Rc1 Qd8 20. Qc2 Rc8 21. Qxf5
Ne6 22. Qxg4+ Kh8 23. Rxc8 Qxc8 24. Qh3 Qd8 25. Qxh6+ Kg8 26. h4 Ng7 27. Qg5 f6
28. Qg6 fxe5 29. dxe5 Qxh4 30. Qg3 Qxg3 31. fxg3 Rxf1+ 32. Kxf1 Kf7 33. Kf2 Ke6
34. Kf3 Kxe5 35. a4 Ne6 36. b5 Nc5 37. a5 Nb3 38. a6 b6 39. g4 Na5 40. g5 Nc4
41. g4 Nd6 42. Kg3 Nxb5 43. Kh4 Ke6 44. Kh5 Kf7 45. Kh6 Kg8 46. Kg6 Nc3 47. Kh6
b5 48. g6 b4 49. Kg5 b3 50. Kf6 b2 51. e4 b1=Q 52. e5 Qe4 53. e6 Nd5+ 54. Kg5
Qxe6 55. Kh6 Qxg4 56. g7 Qxg7+ 57. Kh5 Ne3 58. Kh4 Qg4# 0-1

[Event "Junior Online 4NCL Division 4"]
[Site "online"]
[Date "2020.09.03"]
[Round "2.75"]
[White "Patel, Krrish"]
[Black "Kammin, Samuel"]
[Result "0-1"]
[WhiteElo "1547"]
[BlackElo "1697"]
[PlyCount "82"]
[EventDate "2020.09.03"]
[WhiteTeam "JHJ 2"]
[BlackTeam "Farnham Fantasticos"]

1. d4 e6 2. Nc3 Bb4 3. Bf4 f5 4. Nf3 Nf6 5. e3 O-O 6. a3 Bxc3+ 7. bxc3 b6 8.
Bd3 Bb7 9. Qe2 d6 10. O-O Nbd7 11. Nd2 Ne4 12. Nxe4 fxe4 13. Bc4 d5 14. Bb3 c5
15. h3 a5 16. Rfe1 Ba6 17. Qg4 Qf6 18. Bg5 Qxf2+ 19. Kh1 Qf5 20. Qxf5 Rxf5 21.
Bf4 g5 22. Bh2 Raf8 23. Bd6 R8f7 24. a4 Rf2 25. Bg3 R2f5 26. Bd6 Bf1 27. dxc5
Nxc5 28. Bxc5 bxc5 29. Kg1 Ba6 30. Kh1 Kg7 31. Kh2 h5 32. Kg3 Rf2 33. Rad1 Bf1
34. Rxf1 Rxf1 35. Rxf1 Rxf1 36. c4 d4 37. exd4 cxd4 38. c5 e3 39. c6 e2 40. c7
e1=Q+ 41. Kh2 Rh1# 0-1

[Event "Junior Online 4NCL Division 4"]
[Site "online"]
[Date "2020.09.03"]
[Round "2.76"]
[White "Warren, Archie"]
[Black "Oh, Julie"]
[Result "1-0"]
[WhiteElo "1450"]
[BlackElo "1487"]
[PlyCount "171"]
[EventDate "2020.09.03"]
[WhiteTeam "Farnham Fantasticos"]
[BlackTeam "JHJ 2"]

1. d4 d5 2. Bf4 Nc6 3. Nf3 Bf5 4. c4 e6 5. e3 Nf6 6. Nc3 Bb4 7. Qb3 Ne4 8. Rc1
O-O 9. a3 Bxc3+ 10. bxc3 b6 11. Be2 Re8 12. O-O Rc8 13. cxd5 exd5 14. Bb5 Bd7
15. Qb2 Ne7 16. c4 Bxb5 17. Qxb5 c6 18. Qb2 Nf5 19. Rfe1 Nh4 20. Nd2 Qf6 21.
Nxe4 dxe4 22. Bg3 Ng6 23. Rcd1 Red8 24. Qb3 c5 25. d5 Ne5 26. Qc2 Qf5 27. Bh4
Re8 28. Re2 h5 29. Red2 g5 30. Bg3 h4 31. Bxe5 Qxe5 32. d6 Rcd8 33. d7 Re7 34.
Qa4 Qc7 35. Rd6 Kg7 36. R1d5 f6 37. Qd1 Kg6 38. Qg4 Re5 39. Rxe5 Qxd6 40. Rd5
Qe7 41. Qf5+ Kg7 42. Kf1 Qf7 43. Ke2 Qg6 44. Qe6 Qf7 45. Qc6 Qe7 46. f3 exf3+
47. Kxf3 Kf7 48. e4 Qe6 49. Qc7 g4+ 50. Kf4 Rxd7 51. Qxd7+ Qxd7 52. Rxd7+ Ke6
53. Rxa7 h3 54. gxh3 gxh3 55. Rh7 Kd6 56. Rxh3 Kc6 57. Rh6 b5 58. Rxf6+ Kc7 59.
cxb5 c4 60. Rc6+ Kb7 61. Rxc4 Kb6 62. h4 Kxb5 63. Rd4 Kc5 64. Rd5+ Kc6 65. h5
Kc7 66. h6 Kc6 67. h7 Kc7 68. h8=Q Kc6 69. Qh6+ Kc7 70. Qc6+ Kxc6 71. a4 Kc7
72. a5 Kc6 73. Ke5 Kc7 74. a6 Kb6 75. Ke6 Kxa6 76. Kd6 Kb6 77. Kd7 Ka6 78. e5
Kb6 79. e6 Kb7 80. e7 Kb6 81. e8=Q Kb7 82. Qc8+ Kb6 83. Qc6+ Ka7 84. Ra5+ Kb8
85. Rb5+ Ka7 86. Qb7# 1-0

[Event "Junior Online 4NCL Division 4"]
[Site "online"]
[Date "2020.09.03"]
[Round "2.77"]
[White "Groot Wassink, Leon"]
[Black "Warnock, Oliver"]
[Result "1-0"]
[WhiteElo "1487"]
[BlackElo "1255"]
[PlyCount "71"]
[EventDate "2020.09.03"]
[WhiteTeam "JHJ 2"]
[BlackTeam "Farnham Fantasticos"]

1. e4 c5 2. Nc3 Nc6 3. Bb5 Qc7 4. Nd5 Qd6 5. Nf3 Nf6 6. Nxf6+ Qxf6 7. Bxc6 Qxc6
8. d3 c4 9. Be3 cxd3 10. cxd3 d6 11. Rc1 Qb5 12. Qd2 Bg4 13. Nd4 Qa4 14. f3 e5
15. Ne2 Be6 16. a3 b5 17. O-O a5 18. Nc3 Qb3 19. d4 b4 20. axb4 axb4 21. Ne2
exd4 22. Nxd4 Qa4 23. Nxe6 fxe6 24. Rb1 b3 25. Rfc1 Be7 26. Qd4 Qd7 27. Qxg7
Rf8 28. Qxh7 Rc8 29. Rxc8+ Qxc8 30. Qg6+ Kd7 31. Qg3 d5 32. exd5 Bd6 33. dxe6+
Kc7 34. Rc1+ Kd8 35. Qxd6+ Qd7 36. Qxd7# 1-0